मानवी हक्क आणि सामाजिक न्याय (Record no. 370537)

MARC details
000 -LEADER
fixed length control field 00439nam a22001577a 4500
005 - DATE AND TIME OF LATEST TRANSACTION
control field 20260302113736.0
008 - FIXED-LENGTH DATA ELEMENTS--GENERAL INFORMATION
fixed length control field 260302b |||||||| |||| 00| 0 eng d
020 ## - INTERNATIONAL STANDARD BOOK NUMBER
International Standard Book Number 978-81-8483-486-4
041 ## - LANGUAGE CODE
Language code of text/sound track or separate title Mar.
100 ## - MAIN ENTRY--PERSONAL NAME
Author कुलकर्णी, पी. के.
245 ## - TITLE STATEMENT
Title मानवी हक्क आणि सामाजिक न्याय
250 ## - EDITION STATEMENT
Edition statement 1st ed.
260 ## - PUBLICATION, DISTRIBUTION, ETC.
Place of publication, distribution, etc. Pune
Name of publisher, distributor, etc. Diamond
300 ## - PHYSICAL DESCRIPTION
Extent 463
942 ## - ADDED ENTRY ELEMENTS (KOHA)
Koha item type Reference book
Holdings
Withdrawn status Lost status Source of classification or shelving scheme Damaged status Not for loan Home library Current library Date acquired Vendor Cost, normal purchase price Bill number Total Checkouts Barcode Date last seen Bill Date Koha item type Original Barcode
    Dewey Decimal Classification     Shri Siddhivinayak Mahila Mahavidyalaya Shri Siddhivinayak Mahila Mahavidyalaya 02/03/2026 Diamand 450.00 2339   SSMM-BK-33900 02/03/2026 02/03/2026 Reference book 010033900